00688nam a2200181 a 450000100100000000500170001000800410002704000250006810000290009324000400012224500850016226000410024730000210028850000340030970000350034395201110037899900170048900004019920201002033958.0130814s1973 ag 000 0 spa d aDO-SdBNPbspacBNPHU1 aChilde, V. Gordon96646710aWhat happened in historylEspañol10aQue sucedio en la historia /cV. Gordon Childe ; traducción de Elena Dukelsky. aBuenos Aires :bLa Pléyade,c1973. a310 p. ;c21 cm. aTraducido del idioma inglés1 aDukelsky, Elena,etrad.960365 001054708MOaGRbGRcCTd2013-08-14iLF1l0o p40199-10r2020-06-25w2020-06-25y4ZPréstamo en sala c39689d39689